Historia de la Nueva España (Record no. 203)

MARC details
000 -CABECERA
campo de control de longitud fija 00950nam a2200193 a 4500
001 - NÚMERO DE CONTROL
campo de control BRCA_247
005 - FECHA Y HORA DE LA ÚLTIMA TRANSACCIÓN
campo de control 20190320202932.0
008 - DATOS DE LONGITUD FIJA--INFORMACIÓN GENERAL
campo de control de longitud fija 041005s1999----mx-#---###---#000-0#spa-#
050 #4 - SIGNATURA TOPOGRÁFICA DE LA BIBLIOTECA DEL CONGRESO
Número de clasificación F1226
Número de documento/Ítem .B53 1999
100 1# - ENTRADA PRINCIPAL--NOMBRE DE PERSONA
Nombre de persona Zorita, Alonso de
Fechas asociadas al nombre ca.1512-1585
9 (RLIN) 858
245 10 - MENCIÓN DE TÍTULO
Título Historia de la Nueva España
Mención de responsabilidad, etc. Alonso de Zorita ; presentación Alejandro de Antuñano Maurer.
260 ## - PUBLICACIÓN, DISTRIBUCIÓN, ETC.
Lugar de publicación, distribución, etc. México
Nombre del editor, distribuidor, etc. Biblioteca Mexicana de la Fundación Miguel Alemán
Fecha de publicación, distribución, etc. 1999
300 ## - DESCRIPCIÓN FÍSICA
Extensión 1 v.
Dimensiones 21 cm.
500 ## - NOTA GENERAL
Nota general Facsímil de : Historia de la Nueva España por el Doctor Alonso de Zorita (siglo XVI). Madrid : Librería General de Victoriano Suárez, 1909
500 ## - NOTA GENERAL
Nota general Título original : Relación de algunas de las muchas cosas notables que hay en la Nueva España, y de su conquista y pacificación y de la conversión de los naturales de ella
650 14 - PUNTO DE ACCESO ADICIONAL DE MATERIA--TÉRMINO DE MATERIA
Término de materia o nombre geográfico como elemento de entrada México
Subdivisión general Historia
Subdivisión cronológica Conquista, 1519-1540
9 (RLIN) 859
700 1# - PUNTO DE ACCESO ADICIONAL--NOMBRE DE PERSONA
Nombre de persona Antuñano Maurer, Alejandro de
9 (RLIN) 705
942 ## - ELEMENTOS DE PUNTO DE ACCESO ADICIONAL (KOHA)
Fuente del sistema de clasificación o colocación Library of Congress Classification
Tipo de ítem Koha Libros
Holdings
Estado de retiro Estado de pérdida Estado dañado No para préstamo Localización permanente Ubicación/localización actual Fecha de adquisición Total de préstamos Signatura topográfica completa Código de barras Fecha visto por última vez Precio válido a partir de Tipo de ítem Koha
El ejemplar forma parte de la colección y puede ser consultado según las políticas vigentes.       Biblioteca del Museo Franz Mayer (Rogerio Casas-Alatriste) Biblioteca del Museo Franz Mayer (Rogerio Casas-Alatriste) 25/06/2008   F1226 .B53 1999 00310 22/03/2019 22/03/2019 Libros